靜靜說府城「一部用手語記錄的文化地圖」

資料類型: Book 圖書   書目號:7027

Leader xxxxxxxxxx
001 __ PCLIS00007027
005 __ 20220809085235.0
010 __ |a9786269251902|b平裝|d400
101 __ |achi
200 __ |a靜靜說府城「一部用手語記錄的文化地圖」|e|f社團法人台南市聽障體育運動協會
205 __ |a
210 __ |a|c社團法人台南市聽障體育運動協會|d2025.10
215 __ |a99|c彩圖|d21公分
225 __ |a|v
300 __ |a
681 __ |a529.675
700 __ |a|b|4702 __ |a|b|4
801 _0 |atw|b內湖高中|c20010622|gCCR
  
詳細館藏(共 1 筆)
索 書 號登 錄 號冊次號館別 / 館藏地流通類型狀態加入預約清單電子資源
529.675 /  2021015  圖書館 / 一樓普通區 可外借30天 在館   

| 條列資料




目錄查詢 分類查詢 個人資料 圖書薦購 新書查詢 閉館日 排行榜 更多電子資源 Hami書城 線上資料庫 登出

From : 216.73.217.55

  本日流通累計至 23:20:49 借閱 : 3 次 續借 : 0 次 歸還 : 15 次 預約 : 0 次 電子資源 : 0 次


內湖高中圖書館  PCLIS 版本  25.5.0.2